00415nam a2200133Ia 4500008004100000082001500041100001900056245004900075260002000124600001500144942000700159952009800166999001700264241002s9999 xx 000 0 und d a154.22 FRE aFreud, Sigmund 0aGroup Psychology and the Analysis of the ego aNew York:c1965 aPhilosophy cUC 00104070aUITUbUITUd1994-01-01l0o154.22 FREpUC366r2024-10-02 09:31:19w2024-10-02yUC c18693d18693